[Event "GER-ch Seniors 65 31st"]
[Site "Radebeul"]
[Date "2019.05.03"]
[Round "8"]
[White "Gafke, Manfred"]
[Black "Thonig, Manfred"]
[Result "1-0"]
[WhiteElo "1765"]
[BlackElo "1564"]
[PlyCount "103"]
[EventDate "2019.04.26"]
[EventType "swiss"]
[EventRounds "9"]
[EventCountry "GER"]
[SourceTitle "CBM 190 Extra"]
[Source "ChessBase"]
[SourceDate "2019.07.15"]
[SourceVersion "1"]
[SourceVersionDate "2019.07.15"]
[SourceQuality "1"]

1. d4 e6 2. Bf4 Nf6 3. e3 h6 4. Nd2 d5 5. Bd3 Bd6 6. Bxd6 Qxd6 7. c3 0-0 8. Ngf3 Nbd7 9. 0-0 a5 10. Re1 b6 11. e4 dxe4 12. Nxe4 Nxe4 13. Bxe4 c6 14. Qc2 f5 15. Bd3 Bb7 16. Ne5 Nxe5 17. Rxe5 Rf6 18. Rae1 Re8 19. Bxf5 Bc8 20. Qb3 b5 21. a3 a4 22. Qd1 Re7 23. Bg4 g6 24. R1e3 Ref7 25. Re2 h5 26. Bh3 Re7 27. Qd2 Kg7 28. Qg5 Ref7 29. Qg3 Re7 30. Qe3 Bd7 31. f4 c5 32. f5 cxd4 33. cxd4 b4 34. fxe6 Bb5 35. Rxb5 bxa3 36. bxa3 Rf4 37. Qe5+ Qxe5 38. Rbxe5 Rxd4 39. g3 Kf6 40. Ra5 Rd1+ 41. Kg2 g5 42. Rf2+ Kg6 43. Bf5+ Kh6 44. Re2 g4 45. Rxa4 Ra1 46. Rd4 Rc7 47. Bc2 Ra2 48. Red2 Re7 49. Rd7 Rxc2 50. Rxc2 Rxe6 51. Rcd2 Kg5 52. R2d5+ 1-0

[Event "GER-ch Seniors 65 31st"]
[Site "Radebeul"]
[Date "2019.04.26"]
[Round "1"]
[White "Dekan, Hans"]
[Black "Gafke, Manfred"]
[Result "1-0"]
[WhiteElo "2102"]
[BlackElo "1765"]
[PlyCount "121"]
[EventDate "2019.04.26"]
[EventType "swiss"]
[EventRounds "9"]
[EventCountry "GER"]
[SourceTitle "CBM 190 Extra"]
[Source "ChessBase"]
[SourceDate "2019.07.15"]
[SourceVersion "1"]
[SourceVersionDate "2019.07.15"]
[SourceQuality "1"]

1. e4 d5 2. exd5 Qxd5 3. Nc3 Qd8 4. Bc4 Nf6 5. d3 Bf5 6. Nf3 e6 7. 0-0 h6 8. Re1 c6 9. Bf4 Bd6 10. Bg3 0-0 11. Bh4 Nbd7 12. Ne4 Be7 13. Bg3 Nb6 14. Bb3 Nxe4 15. dxe4 Bg4 16. Qe2 Bc5 17. Rad1 Qf6 18. c3 Bxf3 19. gxf3 Rad8 20. Bc2 e5 21. b4 Bd6 22. a4 Bc7 23. a5 Nc8 24. Bb3 Nd6 25. Rd3 Nb5 26. Red1 Rxd3 27. Rxd3 Rd8 28. Kg2 Rxd3 29. Qxd3 Qd6 30. Qc4 Qe7 31. a6 Bd6 32. Ba4 Qd7 33. axb7 Qxb7 34. Qd3 Qb8 35. Kf1 a6 36. c4 Nd4 37. c5 Bc7 38. Qxa6 Nxf3 39. Qxc6 Qd8 40. Qe8+ Qxe8 41. Bxe8 Nd2+ 42. Ke2 Nxe4 43. f3 Nc3+ 44. Kd3 Nd5 45. Be1 Kf8 46. Ba4 Ke7 47. Bd2 Kd8 48. Bb3 Nf6 49. Bxf7 e4+ 50. fxe4 Bxh2 51. Bc3 Ke7 52. Bg6 Kd8 53. Bxf6+ gxf6 54. Kc4 Bg1 55. Kd5 Kc7 56. b5 Bh2 57. b6+ Kb7 58. Kc4 Kc6 59. Be8+ Kb7 60. Kb5 h5 61. Bxh5 1-0

[Event "WchT Seniors 65"]
[Site "Dresden"]
[Date "2018.07.14"]
[Round "8.4"]
[White "Bevan, Peter M"]
[Black "Gafke, Manfred"]
[Result "1/2-1/2"]
[WhiteElo "1883"]
[BlackElo "1829"]
[PlyCount "88"]
[EventDate "2018.07.07"]
[EventType "team-swiss"]
[EventRounds "9"]
[EventCountry "GER"]
[SourceTitle "EXT 2021"]
[Source "ChessBase"]
[SourceDate "2020.10.23"]
[SourceVersion "1"]
[SourceVersionDate "2020.10.23"]
[SourceQuality "1"]
[WhiteTeam "Wales Deheubarth"]
[BlackTeam "Stiftung BSW/DBAG III"]
[WhiteTeamCountry "WLS"]
[BlackTeamCountry "GER"]

1. Nf3 Nf6 2. g3 d5 3. Bg2 c6 4. b3 Nbd7 5. Bb2 Qc7 6. d4 Ne4 7. 0-0 Ndf6 8. Ne5 h6 9. f3 Nd6 10. Qd2 Bf5 11. c4 e6 12. c5 Nc8 13. Qc3 Ne7 14. Nd2 Bh7 15. e4 Ng6 16. Nd3 dxe4 17. fxe4 Be7 18. Nc4 0-0 19. b4 Qd7 20. Rad1 Rfd8 21. Nd6 Bxd6 22. cxd6 Qxd6 23. e5 Nd5 24. exd6 Nxc3 25. Bxc3 Rxd6 26. Ne5 Nxe5 27. dxe5 Rdd8 28. Bd4 a5 29. bxa5 Rxa5 30. Bb6 Rxd1 31. Rxd1 Ra8 32. Rd7 Bb1 33. Rxb7 Rxa2 34. Bxc6 Re2 35. Bc7 Re1+ 36. Kf2 Rc1 37. Rb8+ Kh7 38. Rxb1 Rc2+ 39. Ke3 Rxc6 40. Bd6 Rc3+ 41. Kd2 Rf3 42. Ke2 Rc3 43. Bb4 Rc2+ 44. Bd2 Rc5 1/2-1/2

[Event "WchT Seniors 65"]
[Site "Radebeul"]
[Date "2016.07.02"]
[Round "7.24"]
[White "Gafke, Manfred"]
[Black "Forslund, Lennart"]
[Result "0-1"]
[WhiteElo "1816"]
[BlackElo "1856"]
[PlyCount "68"]
[EventDate "2016.06.26"]
[EventType "team-swiss"]
[EventRounds "9"]
[EventCountry "GER"]
[SourceTitle "CBM 173 Extra"]
[Source "ChessBase"]
[SourceDate "2016.08.29"]
[SourceVersion "1"]
[SourceVersionDate "2016.08.29"]
[SourceQuality "1"]
[WhiteTeam "Dresden Seniors"]
[BlackTeam "Sweden III"]
[WhiteTeamCountry "GER"]
[BlackTeamCountry "SWE"]

1. d4 e6 2. Bf4 f5 3. Nf3 b6 4. e3 Nf6 5. Bg5 Be7 6. Be2 Bb7 7. Bxf6 Bxf6 8. 0-0 Nc6 9. c3 Qe7 10. Nbd2 0-0-0 11. Qa4 Kb8 12. Ba6 g5 13. Bxb7 Kxb7 14. Rfc1 f4 15. e4 g4 16. e5 Bg5 17. Nxg5 Qxg5 18. Ne4 Qg7 19. Qb3 Ka8 20. Qd1 f3 21. g3 Rhf8 22. Nf6 d6 23. Qa4 Kb7 24. Nh5 Qh6 25. d5 exd5 26. Qxg4 Nxe5 27. Qh4 Rde8 28. Rd1 Rf5 29. Nf4 Qxh4 30. gxh4 Rxf4 31. Rd4 Re4 32. h3 Rg8+ 33. Kf1 Rg2 34. Rxe4 Rh2 0-1

[Event "WchT Seniors 65"]
[Site "Radebeul"]
[Date "2016.06.26"]
[Round "1.3"]
[White "Gafke, Manfred"]
[Black "Selig, Rainer"]
[Result "0-1"]
[WhiteElo "1816"]
[BlackElo "2139"]
[PlyCount "102"]
[EventDate "2016.06.26"]
[EventType "team-swiss"]
[EventRounds "9"]
[EventCountry "GER"]
[SourceTitle "CBM 173 Extra"]
[Source "ChessBase"]
[SourceDate "2016.08.29"]
[SourceVersion "1"]
[SourceVersionDate "2016.08.29"]
[SourceQuality "1"]
[WhiteTeam "Dresden Seniors"]
[BlackTeam "Oberlausitz"]
[WhiteTeamCountry "GER"]
[BlackTeamCountry "GER"]

1. d4 d5 2. Nc3 Nf6 3. Nf3 c6 4. h3 Bf5 5. Bf4 Nbd7 6. e3 e6 7. Bd3 Bg6 8. 0-0 Bh5 9. Be2 Be7 10. Ne5 Bxe2 11. Nxe2 0-0 12. c3 c5 13. dxc5 Nxc5 14. Nd4 Nfe4 15. Ndf3 Rc8 16. Nd3 Qb6 17. Nxc5 Bxc5 18. Qe2 Rfd8 19. Be5 f6 20. Bd4 e5 21. Bxc5 Nxc5 22. Rfc1 Qe6 23. Rc2 a6 24. Rac1 b5 25. b3 Qf7 26. c4 bxc4 27. bxc4 d4 28. Rd1 d3 29. Rcd2 Qxc4 30. Qf1 e4 31. Nd4 Na4 32. Kh1 Qc3 33. Nb3 Qe5 34. Nd4 Rc7 35. f3 f5 36. f4 Qd5 37. Rc1 Rdc8 38. Rxc7 Rxc7 39. Qb1 Qb7 40. Qd1 Nc3 41. Qh5 g6 42. Qg5 Qc8 43. h4 Nd5 44. h5 Rg7 45. Kh2 Nxe3 46. Rb2 gxh5 47. Qxh5 d2 48. Rb1 Rxg2+ 49. Kh3 Rg6 50. Ne6 Rxe6 51. Rg1+ Ng4 0-1

[Event "EU-chT Seniors 15th"]
[Site "Dresden"]
[Date "2013.07.22"]
[Round "3"]
[White "Ollek, Karl Heinz"]
[Black "Gafke, Manfred"]
[Result "1/2-1/2"]
[WhiteElo "1735"]
[BlackElo "1887"]
[PlyCount "34"]
[EventDate "2013.07.20"]
[EventType "team-swiss"]
[EventRounds "9"]
[EventCountry "GER"]
[SourceTitle "CBM 155 Extra"]
[Source "ChessBase"]
[SourceDate "2013.08.26"]
[SourceVersion "1"]
[SourceVersionDate "2013.08.26"]
[SourceQuality "1"]
[WhiteTeam "BSW/DBAG II"]
[BlackTeam "BSW/DBAG IV"]
[WhiteTeamCountry "GER"]
[BlackTeamCountry "GER"]

1. Nf3 d5 2. d4 Nf6 3. Bg5 e6 4. e3 Nbd7 5. c4 c6 6. Nbd2 Be7 7. cxd5 exd5 8. Bd3 h6 9. Bf4 0-0 10. 0-0 Nh5 11. Be5 Nxe5 12. Nxe5 Nf6 13. Rc1 Bd6 14. Ndf3 Re8 15. Qc2 Qc7 16. e4 dxe4 17. Bxe4 Nd5 1/2-1/2

[Event "EU-chT Seniors 15th"]
[Site "Dresden"]
[Date "2013.07.20"]
[Round "1"]
[White "Gafke, Manfred"]
[Black "Hamm, Georg"]
[Result "1/2-1/2"]
[WhiteElo "1887"]
[BlackElo "2109"]
[PlyCount "34"]
[EventDate "2013.07.20"]
[EventType "team-swiss"]
[EventRounds "9"]
[EventCountry "GER"]
[SourceTitle "CBM 155 Extra"]
[Source "ChessBase"]
[SourceDate "2013.08.26"]
[SourceVersion "1"]
[SourceVersionDate "2013.08.26"]
[SourceQuality "1"]
[WhiteTeam "BSW/DBAG IV"]
[BlackTeam "Sachsen Anhalt"]
[WhiteTeamCountry "GER"]
[BlackTeamCountry "GER"]

1. d4 g6 2. Nf3 Bg7 3. c3 Nf6 4. Bf4 d6 5. e3 0-0 6. Bd3 Nbd7 7. Nbd2 Re8 8. e4 e5 9. Be3 d5 10. dxe5 Nxe4 11. Nxe4 dxe4 12. Bxe4 Nxe5 13. Nxe5 Bxe5 14. Qxd8 Rxd8 15. 0-0 f5 16. Bg5 Rd6 17. Bf3 Be6 1/2-1/2

[Event "EU-chT Seniors 12th"]
[Site "Dresden"]
[Date "2010.02.13"]
[Round "4"]
[White "Guenther, Egbert"]
[Black "Gafke, Manfred"]
[Result "1-0"]
[WhiteElo "2039"]
[BlackElo "1872"]
[PlyCount "111"]
[EventDate "2010.02.10"]
[EventType "team-swiss"]
[EventRounds "9"]
[EventCountry "GER"]
[SourceTitle "CBM 134 Extra"]
[Source "ChessBase"]
[SourceDate "2010.03.03"]
[SourceVersion "1"]
[SourceVersionDate "2010.03.03"]
[SourceQuality "1"]
[WhiteTeam "Dresden Striesen (Seniors)"]
[BlackTeam "Stiftung BSW/DBAG (Seniors) IV"]
[WhiteTeamCountry "GER"]
[BlackTeamCountry "GER"]

1. e4 c5 2. Nf3 d6 3. d4 cxd4 4. Nxd4 Nf6 5. Nc3 a6 6. f4 g6 7. Be2 Bg7 8. Be3 Bd7 9. 0-0 0-0 10. Bf3 Nc6 11. e5 Nxd4 12. Bxd4 Ne8 13. Bxb7 Rb8 14. Bxa6 Qa5 15. Be2 dxe5 16. fxe5 Be6 17. Ne4 Bxe5 18. Bxe5 Qxe5 19. Bf3 Qxb2 20. c3 Ng7 21. Qc1 Nf5 22. Qxb2 Rxb2 23. Rf2 Rb6 24. a4 Nh4 25. Be2 Ra8 26. a5 Rb7 27. Nc5 Rba7 28. a6 Bd5 29. c4 Bc6 30. g3 Nf5 31. Bf3 Bxf3 32. Rxf3 Nd6 33. Rc3 Rc8 34. Ra5 Kf8 35. Kf2 Ke8 36. Ke2 Kd8 37. Kd3 Kc7 38. Na4 Kd7 39. Nb6+ Kc7 40. Nxc8 Nxc8 41. Rb3 Kc6 42. c5 e5 43. Rb8 Kc7 44. Rb1 Ne7 45. g4 f5 46. gxf5 gxf5 47. Rg1 Ng6 48. Rg5 f4 49. Rf5 Kc8 50. c6 Ne7 51. Rf7 Nxc6 52. Rxa7 Nxa7 53. Rxe5 Kd7 54. Rh5 Nc6 55. Rxh7+ Kc8 56. a7 1-0

[Event "EU-chT Seniors 12th"]
[Site "Dresden"]
[Date "2010.02.11"]
[Round "2"]
[White "Paulsen, Eckart"]
[Black "Gafke, Manfred"]
[Result "1/2-1/2"]
[WhiteElo "1868"]
[BlackElo "1872"]
[PlyCount "42"]
[EventDate "2010.02.10"]
[EventType "team-swiss"]
[EventRounds "9"]
[EventCountry "GER"]
[SourceTitle "CBM 134 Extra"]
[Source "ChessBase"]
[SourceDate "2010.03.03"]
[SourceVersion "1"]
[SourceVersionDate "2010.03.03"]
[SourceQuality "1"]
[WhiteTeam "Rheinland Mattadore Seniors"]
[BlackTeam "Stiftung BSW/DBAG (Seniors) IV"]
[WhiteTeamCountry "GER"]
[BlackTeamCountry "GER"]

1. c4 Nf6 2. g3 g6 3. Bg2 Bg7 4. Nc3 c6 5. e4 d6 6. Nge2 0-0 7. 0-0 Bg4 8. h3 Bxe2 9. Qxe2 Qc7 10. d3 Nbd7 11. Be3 e5 12. Qd2 a6 13. Rac1 Rad8 14. a3 Nc5 15. Qc2 Ne6 16. Ne2 c5 17. b4 b6 18. Qb2 Rb8 19. Nc3 Qd7 20. b5 a5 21. Rcd1 Qe7 1/2-1/2

[Event "Sachsen-ch Seniors op 17th"]
[Site "Dresden"]
[Date "2009.02.15"]
[Round "7"]
[White "Kusick, Gert"]
[Black "Gafke, Manfred"]
[Result "0-1"]
[WhiteElo "1412"]
[BlackElo "1666"]
[PlyCount "72"]
[EventDate "2009.02.09"]
[EventType "swiss"]
[EventRounds "9"]
[EventCountry "GER"]
[SourceTitle "EXT 2022"]
[Source "ChessBase"]
[SourceDate "2021.10.06"]
[SourceVersion "1"]
[SourceVersionDate "2021.10.06"]
[SourceQuality "1"]

1. e4 c5 2. c3 d6 3. d4 cxd4 4. cxd4 Nf6 5. Nc3 g6 6. Nf3 Bg7 7. Bf4 0-0 8. Bd3 Bg4 9. 0-0 Bxf3 10. Qxf3 Qb6 11. Ne2 Nbd7 12. Rab1 Rac8 13. Be3 Qa5 14. a3 a6 15. Rfd1 b5 16. Bd2 Qb6 17. b4 Qb7 18. Nc1 Nb6 19. Nb3 Qa8 20. Na5 Nfd7 21. d5 Ne5 22. Qe2 Na4 23. Rb3 Nxd3 24. Qxd3 Nb2 25. Rxb2 Bxb2 26. Nc6 Bf6 27. f4 Qb7 28. e5 dxe5 29. fxe5 Bg7 30. Be3 Rfe8 31. Bc5 Qd7 32. Qe4 Rxc6 33. Rd3 Rec8 34. e6 Rxe6 35. dxe6 Qc6 36. Qxc6 Rxc6 0-1

[Event "Sachsen-ch Seniors op 17th"]
[Site "Dresden"]
[Date "2009.02.12"]
[Round "4"]
[White "Luda, Michael"]
[Black "Gafke, Manfred"]
[Result "1-0"]
[WhiteElo "1463"]
[BlackElo "1666"]
[PlyCount "94"]
[EventDate "2009.02.09"]
[EventType "swiss"]
[EventRounds "9"]
[EventCountry "GER"]
[SourceTitle "EXT 2022"]
[Source "ChessBase"]
[SourceDate "2021.10.06"]
[SourceVersion "1"]
[SourceVersionDate "2021.10.06"]
[SourceQuality "1"]

1. e4 c5 2. Nf3 d6 3. d4 cxd4 4. Nxd4 Nf6 5. Nc3 a6 6. Bd3 e6 7. 0-0 Be7 8. Be3 Bd7 9. Kh1 Nc6 10. f4 Qc7 11. Qf3 0-0 12. Rae1 Nb4 13. Be2 e5 14. Nf5 Bxf5 15. exf5 Nxc2 16. Rc1 Nxe3 17. Qxe3 Qa5 18. Bf3 Rab8 19. Rce1 e4 20. Bxe4 Nxe4 21. Qxe4 Bf6 22. b4 Qd8 23. Nd5 Re8 24. Qd3 Qd7 25. Rd1 Red8 26. Rf3 Kh8 27. Rh3 Qc6 28. Qf3 Qe8 29. g4 Rd7 30. g5 Bd8 31. Qh5 Qg8 32. Re1 g6 33. Qg4 f6 34. Rd1 fxg5 35. f6 Rf7 36. Qxg5 Qe8 37. Qxg6 Qe6 38. Qd3 Bxf6 39. Rh6 Rbf8 40. Nxf6 Qe7 41. Nd5 Qd7 42. Qd4+ Rg7 43. Rg1 Rff7 44. Rxg7 Rxg7 45. Rf6 Kg8 46. f5 Qe8 47. Re6 Qh5 1-0

[Event "EU-chT Seniors 10th"]
[Site "Dresden"]
[Date "2008.02.16"]
[Round "6.4"]
[White "Jaeger, Erich"]
[Black "Gafke, Manfred"]
[Result "1/2-1/2"]
[WhiteElo "2038"]
[BlackElo "1904"]
[PlyCount "59"]
[EventDate "2008.02.11"]
[EventType "team-swiss"]
[EventRounds "9"]
[EventCountry "GER"]
[SourceTitle "CBM 122 Extra"]
[Source "ChessBase"]
[SourceDate "2008.03.04"]
[SourceVersion "1"]
[SourceVersionDate "2008.03.04"]
[SourceQuality "1"]
[WhiteTeam "Rheno Palatinat"]
[BlackTeam "Bahn Sozialwerk III"]
[WhiteTeamCountry "GER"]
[BlackTeamCountry "GER"]

1. c4 Nf6 2. Nf3 e6 3. d4 d5 4. Bg5 Be7 5. e3 Nbd7 6. cxd5 Nxd5 7. Bxe7 Qxe7 8. a3 b6 9. Bb5 0-0 10. 0-0 Bb7 11. Nbd2 c6 12. Bd3 c5 13. Rc1 cxd4 14. Nxd4 Rac8 15. Qh5 N7f6 16. Qh4 Qd6 17. Nc4 Qb8 18. Bb1 Ba6 19. b3 Ne7 20. f4 Rc5 21. Bxh7+ Nxh7 22. Qxe7 Rfc8 23. a4 Bxc4 24. Rxc4 Rxc4 25. bxc4 Rxc4 26. Nxe6 Re4 27. Rd1 Nf8 28. Qxf8+ Qxf8 29. Nxf8 Kxf8 30. a5 1/2-1/2

[Event "EU-chT Seniors 10th"]
[Site "Dresden"]
[Date "2008.02.12"]
[Round "2.4"]
[White "Hentzschel, Erhard"]
[Black "Gafke, Manfred"]
[Result "1/2-1/2"]
[WhiteElo "1956"]
[BlackElo "1904"]
[PlyCount "48"]
[EventDate "2008.02.11"]
[EventType "team-swiss"]
[EventRounds "9"]
[EventCountry "GER"]
[SourceTitle "CBM 122 Extra"]
[Source "ChessBase"]
[SourceDate "2008.03.04"]
[SourceVersion "1"]
[SourceVersionDate "2008.03.04"]
[SourceQuality "1"]
[WhiteTeam "Widukind"]
[BlackTeam "Bahn Sozialwerk III"]
[WhiteTeamCountry "GER"]
[BlackTeamCountry "GER"]

1. e4 c6 2. d4 d5 3. exd5 cxd5 4. Nf3 Bf5 5. Bd3 Bxd3 6. Qxd3 Nc6 7. 0-0 Nf6 8. Nbd2 e6 9. c3 Bd6 10. Re1 Qc7 11. h3 0-0 12. a3 h6 13. c4 b6 14. b4 dxc4 15. Nxc4 Rac8 16. Nxd6 Qxd6 17. Bb2 Nd5 18. Rac1 Nce7 19. Ne5 Rxc1 20. Rxc1 Rc8 21. Qb5 Rxc1+ 22. Bxc1 Nc7 23. Qc4 Ncd5 24. Bb2 Nc7 1/2-1/2

[Event "EU-chT Seniors 08th"]
[Site "Dresden"]
[Date "2006.02.21"]
[Round "5"]
[White "Gafke, Manfred"]
[Black "Grabitz, Georg"]
[Result "0-1"]
[WhiteElo "1935"]
[BlackElo "2065"]
[PlyCount "69"]
[EventDate "2006.02.17"]
[EventType "team-swiss"]
[EventRounds "8"]
[EventCountry "GER"]
[SourceTitle "CBM 111 Extra"]
[Source "ChessBase"]
[SourceDate "2006.05.09"]
[SourceVersion "1"]
[SourceVersionDate "2006.05.09"]
[SourceQuality "1"]
[WhiteTeam "DBAG/BSW II"]
[BlackTeam "Widukind"]
[WhiteTeamCountry "GER"]
[BlackTeamCountry "GER"]

1. d4 g6 2. c4 Bg7 3. Nc3 Nf6 4. e4 d6 5. h3 0-0 6. Nf3 e5 7. d5 Nbd7 8. Be3 a5 9. Bd3 b6 10. 0-0 Nc5 11. Bc2 Nh5 12. Qd2 f5 13. exf5 gxf5 14. Bh6 Qf6 15. Bxg7 Qxg7 16. Kh1 Kh8 17. Rg1 Nf4 18. Nh2 Bd7 19. Qe3 Rg8 20. g4 Qf7 21. Bxf5 Bxf5 22. gxf5 Qxf5 23. h4 Nh3 24. Rxg8+ Rxg8 25. Rf1 Nd3 26. Nd1 Ndf4 27. Qf3 Qg6 28. Qg3 Qc2 29. Qf3 Qg6 30. Qg3 Qf6 31. Qf3 Qxh4 32. Ne3 Nd3 33. Neg4 Rxg4 34. Nxg4 Ndxf2+ 35. Rxf2 0-1

[Event "EU-chT Seniors 08th"]
[Site "Dresden"]
[Date "2006.02.18"]
[Round "2"]
[White "Gafke, Manfred"]
[Black "Duemmke, Juergen"]
[Result "1/2-1/2"]
[WhiteElo "1935"]
[BlackElo "2099"]
[PlyCount "57"]
[EventDate "2006.02.17"]
[EventType "team-swiss"]
[EventRounds "8"]
[EventCountry "GER"]
[SourceTitle "CBM 111 Extra"]
[Source "ChessBase"]
[SourceDate "2006.05.09"]
[SourceVersion "1"]
[SourceVersionDate "2006.05.09"]
[SourceQuality "1"]
[WhiteTeam "DBAG/BSW II"]
[BlackTeam "DBAG/BSW"]
[WhiteTeamCountry "GER"]
[BlackTeamCountry "GER"]

1. d4 Nf6 2. Nf3 c5 3. c3 e6 4. Bg5 cxd4 5. Nxd4 Be7 6. e3 Nc6 7. Bd3 Ne5 8. Be2 0-0 9. Bxf6 Bxf6 10. 0-0 d5 11. Nd2 a6 12. N2f3 b5 13. Nxe5 Bxe5 14. Nf3 Bf6 15. Qc2 Bb7 16. Rad1 Qc7 17. a3 g6 18. h4 Rfd8 19. Ng5 Bxg5 20. hxg5 Qe5 21. Rd4 Qxg5 22. Rg4 Qf6 23. f4 Qf5 24. Qd1 Qe4 25. Rg3 f5 26. Bd3 Qa4 27. Qh5 Kg7 28. Qh4 Rd7 29. Rh3 1/2-1/2

[Event "Bad Sooden-Allendorf Seniors op 15th"]
[Site "Bad Sooden-Allendorf"]
[Date "2003.05.05"]
[Round "7"]
[White "Gafke, Manfred"]
[Black "Reichel, Horst"]
[Result "0-1"]
[WhiteElo "1185"]
[BlackElo "1434"]
[PlyCount "114"]
[EventDate "2003.05.??"]
[EventType "swiss"]
[EventRounds "9"]
[EventCountry "GER"]
[SourceTitle "EXT 2006"]
[Source "ChessBase"]
[SourceDate "2005.11.24"]
[SourceVersion "1"]
[SourceVersionDate "2005.11.24"]
[SourceQuality "1"]

1. e4 c5 2. g3 Nc6 3. Bg2 Qc7 4. Ne2 e6 5. c3 b6 6. d4 Bb7 7. d5 Nd8 8. 0-0 Rc8 9. Na3 a6 10. Nc4 d6 11. Nf4 e5 12. Nh3 b5 13. Ne3 h6 14. f4 c4 15. Nc2 a5 16. b4 cxb3 17. axb3 Qxc3 18. Bd2 Qxc2 19. Qxc2 Rxc2 20. Bxa5 Rc8 21. Be1 Nf6 22. Nf2 Nd7 23. Bh3 Be7 24. Ra5 exf4 25. gxf4 Bh4 26. Rxb5 Ba6 27. Ra5 Bxf1 28. Kxf1 Rb8 29. Ra7 Rb7 30. Ra3 Ke7 31. b4 f6 32. Bg4 Nf7 33. Rh3 Bxf2 34. Kxf2 Ra8 35. Kg3 Ra3+ 36. Kh4 g5+ 37. fxg5 fxg5+ 38. Kh5 Rxh3+ 39. Bxh3 Nde5 40. Bf1 Nf3 41. Bg3 Rxb4 42. Bg2 N3e5 43. Bh3 Rxe4 44. Bg2 Rc4 45. Bh3 Rc2 46. Bf5 Re2 47. Bh3 Kf6 48. Bf1 Rd2 49. Ba6 Rxd5 50. Bb7 Rb5 51. Bc8 Rb3 52. Bh3 Rb2 53. Bf1 d5 54. Ba6 d4 55. Bf1 d3 56. Bxe5+ Nxe5 57. Kxh6 Rxh2+ 0-1

[Event "EU-chT Seniors 05th"]
[Site "Dresden"]
[Date "2003.02.27"]
[Round "5.3"]
[White "Boeckenhaupt, Rudi"]
[Black "Gafke, Manfred"]
[Result "1/2-1/2"]
[WhiteElo "2145"]
[BlackElo "1695"]
[PlyCount "84"]
[EventDate "2003.02.23"]
[EventType "team-swiss"]
[EventRounds "7"]
[EventCountry "GER"]
[SourceTitle "EXT 2005"]
[Source "ChessBase"]
[SourceDate "2004.11.15"]
[SourceVersion "1"]
[SourceVersionDate "2004.11.15"]
[SourceQuality "1"]

1. g3 d5 2. Bg2 Nf6 3. b3 e5 4. Bb2 Bd6 5. d3 0-0 6. Nd2 Bf5 7. e3 Nbd7 8. Ne2 c6 9. 0-0 Re8 10. h3 Qc7 11. a3 Nf8 12. e4 Be6 13. c4 dxe4 14. dxe4 Rad8 15. Qc2 Qc8 16. Kh2 Rd7 17. Rad1 Bc7 18. Nf3 Rxd1 19. Rxd1 Ng6 20. Nc3 Rd8 21. c5 Rxd1 22. Nxd1 Qd8 23. Ne3 h6 24. Bf1 Qd7 25. Nc4 Bxc4 26. Bxc4 Kf8 27. b4 Ke8 28. a4 a6 29. Qe2 Ke7 30. b5 cxb5 31. axb5 axb5 32. Bxb5 Qd8 33. Nd2 Kf8 34. Nc4 Nd7 35. Ba3 Kg8 36. f3 Nb8 37. Nd6 b6 38. Qc4 Qe7 39. Qd5 bxc5 40. Bxc5 Bxd6 41. Bxd6 Qa7 42. Bc4 Qf2+ 1/2-1/2

[Event "Wch Seniors 12th"]
[Site "Naumburg"]
[Date "2002.10.28"]
[Round "6"]
[White "Kraemer, Marianne"]
[Black "Gafke, Manfred"]
[Result "1-0"]
[WhiteElo "1480"]
[BlackElo "1233"]
[PlyCount "116"]
[EventDate "2002.10.21"]
[EventType "swiss"]
[EventRounds "11"]
[EventCountry "GER"]
[SourceTitle "EXT 2006"]
[Source "ChessBase"]
[SourceDate "2005.11.24"]
[SourceVersion "1"]
[SourceVersionDate "2005.11.24"]
[SourceQuality "1"]

1. e4 c5 2. Nf3 e6 3. b3 Nf6 4. d3 d5 5. exd5 exd5 6. Be2 Be7 7. 0-0 0-0 8. Bb2 d4 9. Re1 Re8 10. Nbd2 Nc6 11. Bf1 Bf8 12. g3 Bg4 13. h3 Bf5 14. Bg2 Qd7 15. Kh2 Rxe1 16. Qxe1 Re8 17. Qd1 Nh5 18. g4 Bd6+ 19. Kg1 Bxg4 20. hxg4 Qxg4 21. Ne4 Bb8 22. Qf1 Re6 23. Re1 Ne5 24. Neg5 Nxf3+ 25. Nxf3 Nf4 26. Bc1 Nh3+ 27. Kh1 Nf4 28. Bxf4 Qxf4 29. Kg1 g6 30. Rxe6 fxe6 31. Qe1 e5 32. Qd2 Kg7 33. Qxf4 exf4 34. Nd2 Kf6 35. Bxb7 g5 36. f3 Kg6 37. Ne4 h5 38. Nxc5 Bd6 39. Be4+ Kh6 40. Ne6 h4 41. Kg2 Kh5 42. Kh3 Be5 43. Nf8 Bf6 44. Nd7 Bh8 45. Nb8 Bg7 46. Nc6 a6 47. a4 Bf6 48. Nb8 Kh6 49. Nxa6 Kg7 50. b4 Be7 51. b5 Bd8 52. Nc5 Bb6 53. Nb3 Kf6 54. a5 Bc7 55. b6 Bb8 56. Nxd4 Be5 57. c3 Bd6 58. a6 Bc5 1-0

[Event "Wch Seniors 12th"]
[Site "Naumburg"]
[Date "2002.10.23"]
[Round "3"]
[White "Schuler, Georg"]
[Black "Gafke, Manfred"]
[Result "1-0"]
[WhiteElo "2148"]
[BlackElo "1233"]
[PlyCount "67"]
[EventDate "2002.10.21"]
[EventType "swiss"]
[EventRounds "11"]
[EventCountry "GER"]
[SourceTitle "EXT 2006"]
[Source "ChessBase"]
[SourceDate "2005.11.24"]
[SourceVersion "1"]
[SourceVersionDate "2005.11.24"]
[SourceQuality "1"]

1. c4 c5 2. Nc3 e6 3. g3 Nc6 4. Bg2 Nf6 5. e4 a6 6. Nge2 Be7 7. 0-0 0-0 8. d4 cxd4 9. Nxd4 Nxd4 10. Qxd4 d6 11. b3 e5 12. Qd3 Be6 13. a4 Rc8 14. Ba3 Rc7 15. Rad1 Nd7 16. Bxd6 Bxd6 17. Qxd6 Re8 18. Qa3 Qc8 19. Rd6 Rc6 20. Rfd1 Rxd6 21. Qxd6 Rd8 22. Nd5 Bxd5 23. Rxd5 f6 24. Bh3 Qc6 25. Be6+ Kh8 26. Qxc6 bxc6 27. Rxd7 Rb8 28. c5 h6 29. Bc4 Rf8 30. Bxa6 Ra8 31. Bc4 Ra5 32. h4 h5 33. Bf7 Rxc5 34. Bg6 1-0